000 00437nam a2200181Ia 4500
001 20259
005 20260306172753.0
008 260306t2002||||xx |||||||||||||| ||spa||
041 _aESP
082 _a343.1
_bC31
100 _aEguiguren Praeli, Francisco, 1953-
_eAUT
245 0 _aEstudios constitucionales
260 _c2002
300 _a558 páginas :
_c21 cm.
650 _aGEN
654 _aCDE
942 _cLIB
_dJUS
_fJUS
_2ddc
_n
999 _c20259
_d20259